|
|
|
|
| LEADER |
04340nam a22004575i 4500 |
| 001 |
978-4-431-38453-3 |
| 003 |
DE-He213 |
| 005 |
20150519174324.0 |
| 007 |
cr nn 008mamaa |
| 008 |
100301s2007 ja | s |||| 0|eng d |
| 020 |
|
|
|a 9784431384533
|9 978-4-431-38453-3
|
| 024 |
7 |
|
|a 10.1007/978-4-431-38453-3
|2 doi
|
| 040 |
|
|
|d GrThAP
|
| 050 |
|
4 |
|a QP34-38
|
| 072 |
|
7 |
|a MFG
|2 bicssc
|
| 072 |
|
7 |
|a MED075000
|2 bisacsh
|
| 082 |
0 |
4 |
|a 612
|2 23
|
| 245 |
1 |
0 |
|a Regulatory Mechanisms of Striated Muscle Contraction
|h [electronic resource] /
|c edited by Setsuro Ebashi, Iwao Ohtsuki.
|
| 264 |
|
1 |
|a Tokyo :
|b Springer Japan,
|c 2007.
|
| 300 |
|
|
|a XIII, 407 p.
|b online resource.
|
| 336 |
|
|
|a text
|b txt
|2 rdacontent
|
| 337 |
|
|
|a computer
|b c
|2 rdamedia
|
| 338 |
|
|
|a online resource
|b cr
|2 rdacarrier
|
| 347 |
|
|
|a text file
|b PDF
|2 rda
|
| 490 |
1 |
|
|a Advances in Experimental Medicine and Biology,
|x 0065-2598 ;
|v 592
|
| 505 |
0 |
|
|a Historical Aspects -- Biological Actions of Calcium -- Professor Ebashi’s Journey Toward the Discovery of Troponin: A Personal Recollection -- Highlights of the History of Calcium Regulation of Striated Muscle -- Regulation by Troponin and Tropomyosin -- Troponin: Structure, Function and Dysfunction -- From the Crystal Structure of Troponin to the Mechanism of Calcium Regulation of Muscle Contraction -- Ca Ion and the Troponin Switch -- Disposition and Dynamics: Interdomain Orientations in Troponin -- Structural Basis for Calcium-Regulated Relaxation of Striated Muscles at Interaction Sites of Troponin with Actin and Tropomyosin -- Tropomyosin: Regulator of Actin Filaments -- Tropomyosin and Troponin Cooperativity on the Thin Filament -- Conformational Changes in Reconstituted Skeletal Muscle Thin Filaments Observed by Fluorescence Spectroscopy -- Calcium Structural Transition of Troponin in the Complexes, on the Thin Filament, and in Muscle Fibres, as Studied By Site-Directed Spin-Labelling EPR -- Crystal Structures of Tropomyosin: Flexible Coiled-Coil -- C. Elegans Model for Studying Tropomyosin and Troponin Regulations of Muscle Contraction and Animal Behavior -- Structural and Functional Analysis of Troponins from Scallop Striated and Human Cardiac Muscles -- Regulation in Cardiac Muscle and Disorders -- Cooperativity in the Regulation of Force and the Kinetics of Force Development in Heart and Skeletal Muscles -- Heart Failure, Ischemia/Reperfusion Injury and Cardiac Troponin -- Troponin Mutations in Cardiomyopathies -- Molecular Pathogenic Mechanisms of Cardiomyopathies Caused by Mutations in Cardiac Troponin T -- Cardiac Troponin Levels as a Preferable Biomarker of Myocardial Cell Degradation -- Regulation by Myosin -- Regulation by Myosin: How Calcium Regulates Some Myosins, Past and Present -- Calcium Inhibition of Physarum Myosin as Examined by the Recombinant Heavy Mero-Myosin -- Excitation-Contraction Coupling and Disorder -- Calcium-Induced Release of Calcium From the Sarcoplasmic Reticulum -- Dysregulation of the Gain of CICR Through Ryanodine Receptor1 (RyR1): The Putative Mechanism Underlying Malignant Hyperthermia -- Ion Pumping by Calcium ATPase of Sarcoplasmic Reticulum -- Regulation of Cell Functions by Ca2+ Oscillation -- Molecular Mechanisms of Muscle Contraction -- Evidence About the Structural Behaviour of Myosin Crossbridges During Muscle Contraction -- Structural Alterations of Thin Actin Filaments in Muscle Contraction by Synchrotron X-ray Fiber Diffraction -- Regulation of Muscle Contraction by Ca2+ and ADP: Focusing on the0 Auto-Oscillation (SPOC) -- Muscle Contraction Mechanism Based on Actin Filament Rotation -- On the Walking Mechanism of Linear Molecular Motors -- Modeling of the F-Actin Structure.
|
| 650 |
|
0 |
|a Medicine.
|
| 650 |
|
0 |
|a Human physiology.
|
| 650 |
|
0 |
|a Biochemistry.
|
| 650 |
1 |
4 |
|a Biomedicine.
|
| 650 |
2 |
4 |
|a Human Physiology.
|
| 650 |
2 |
4 |
|a Biochemistry, general.
|
| 700 |
1 |
|
|a Ebashi, Setsuro.
|e editor.
|
| 700 |
1 |
|
|a Ohtsuki, Iwao.
|e editor.
|
| 710 |
2 |
|
|a SpringerLink (Online service)
|
| 773 |
0 |
|
|t Springer eBooks
|
| 776 |
0 |
8 |
|i Printed edition:
|z 9784431384519
|
| 830 |
|
0 |
|a Advances in Experimental Medicine and Biology,
|x 0065-2598 ;
|v 592
|
| 856 |
4 |
0 |
|u http://dx.doi.org/10.1007/978-4-431-38453-3
|z Full Text via HEAL-Link
|
| 912 |
|
|
|a ZDB-2-SBL
|
| 950 |
|
|
|a Biomedical and Life Sciences (Springer-11642)
|